Industrial psychology. (Record no. 810)
[ view plain ]
| 000 -LEADER | |
|---|---|
| fixed length control field | 00721nam a22002417a 4500 |
| 008 - FIXED-LENGTH DATA ELEMENTS--GENERAL INFORMATION | |
| fixed length control field | 131110b xxu||||| |||| 00| 0 eng d |
| 024 ## - OTHER STANDARD IDENTIFIER | |
| Terms of availability | Availalbe |
| 037 ## - SOURCE OF ACQUISITION | |
| Terms of availability | Availalbe |
| 040 ## - CATALOGING SOURCE | |
| Original cataloging agency | MBSTU LIBRARY |
| Modifying agency | MBSTU LIBRARY |
| 082 ## - DEWEY DECIMAL CLASSIFICATION NUMBER | |
| Edition number | 22 |
| Classification number | 158.7 HAI |
| 100 ## - MAIN ENTRY--PERSONAL NAME | |
| Personal name | Harrell, Thomas W. |
| 245 ## - TITLE STATEMENT | |
| Title | Industrial psychology. |
| 250 ## - EDITION STATEMENT | |
| Edition statement | Rev.ed. |
| 260 ## - PUBLICATION, DISTRIBUTION, ETC. (IMPRINT) | |
| Place of publication, distribution, etc. | New Delhi |
| Name of publisher, distributor, etc. | Oxford & IBH Publishers. |
| Date of publication, distribution, etc. | 1949 |
| 300 ## - PHYSICAL DESCRIPTION | |
| Extent | 22 cm. |
| Other physical details | 398 page |
| Type of unit | 1 |
| Size of unit | 22 cm. |
| 600 ## - SUBJECT ADDED ENTRY--PERSONAL NAME | |
| Source of heading or term | Industrial psychology. |
| 650 ## - SUBJECT ADDED ENTRY--TOPICAL TERM | |
| Source of heading or term | Industrial psychology. |
| 700 ## - ADDED ENTRY--PERSONAL NAME | |
| Personal name | Harrell, Thomas W. |
| 270 ## - ADDRESS | |
| Address | New Delhi |
| City | New Delhi |
| Country | India |
| 365 ## - TRADE PRICE | |
| Price amount | 180.00 |
| Unit of pricing | 180.00 |
| 942 ## - ADDED ENTRY ELEMENTS (KOHA) | |
| Source of classification or shelving scheme | |
| Koha item type | Books |
No items available.
